书目信息 |
| 题名: |
精武实战名招
|
|
| 作者: | 贺春林 编著 | |
| 分册: | ||
| 出版信息: | 北京 北京体育大学出版社 1998 |
|
| 页数: | 373页 | |
| 开本: | 19cm | |
| 丛书名: | ||
| 单 册: | ||
| 中图分类: | G852.3 | |
| 科图分类: | ||
| 主题词: | 攻防--中国 | |
| 电子资源: | ||
| ISBN: | 7-81051-308-7 | |
| 000 | 00563nam0 2200205 45 | |
| 001 | 0311271536 | |
| 005 | 20060117152125.15 | |
| 010 | @a7-81051-308-7@dCNY16.80 | |
| 092 | @aCN | |
| 100 | @a20031127d1998 km y0chiy0120 ea | |
| 101 | 0 | @achi |
| 105 | @aa z 000yy | |
| 200 | 1 | @a精武实战名招@AJing Wu Shi Zhan Ming Zhao@f贺春林编著@FHe Chun Lin BianZhu |
| 210 | @a北京@c北京体育大学出版社@d1998 | |
| 215 | @a373页@c插图@d19cm | |
| 606 | 0 | @a攻防@x中国 |
| 690 | @aG852.3@v4 | |
| 701 | 0 | @a贺春林@4编著 |
| 801 | @aCN@bTSTC@c20060117 | |
| 905 | @a10447@dG852.3@e99 | |
| 精武实战名招/贺春林编著.-北京:北京体育大学出版社,1998 |
| 373页:插图;19cm |
| ISBN 7-81051-308-7:CNY16.80 |
| ● |
| 相关链接 |
|
|
|
|
正题名:精武实战名招
索取号:G852.3/99
 
预约/预借
| 序号 | 登录号 | 条形码 | 馆藏地/架位号 | 状态 | 备注 |
| 1 | 0328944 | 203289440 | 第四借阅区/ [索取号:G852.3/99] | 在馆 | |
| 2 | 0328945 | 203289459 | 第四借阅区/ [索取号:G852.3/99] | 在馆 | |
| 3 | 0328946 | 203289468 | 第四借阅区/ [索取号:G852.3/99] | 在馆 | |
| 4 | 0328947 | 203289477 | 第一样本阅览室/ [索取号:G852.3/99] | 在馆 | |
| 5 | 0338148 | 203381483 | 第四借阅区/ [索取号:G852.3/99] | 在馆 |